00545nam a22001697a 450000500170000001000280001702000260004503500170007103500140008803700160010208200100011810000180012824500420014626000610018827001050024930000210035420240321115102.0 aB-756098-101 ENG-139856 a9788183823142c250.00 aB-756098-101 aEN-123388 bLotus Press a158.1 aHill,Napoleon aThink and grow rich /cNapoleon hill  aNew Delhi bLotus Press Publishers & Distributors c2023 aUnit No. 220, 2nd Floor, 4735/22, Prakash deep Building, Ansari Road darya ganj bNew delhi e110002 a254p.c22cm(pbk)